|
|
|
|
| LEADER |
00615nam a2200193 4500 |
| 020 |
|
|
|a 9812403515
|c 395
|
| 082 |
|
|
|a 658.562Su TAY
|
| 100 |
|
|
|a Taylor, David; Brunt, David
|
| 245 |
|
|
|a Manufacturing operations and supply chain management: Lean approach
|c Taylor, David; Brunt, David
|
| 250 |
|
|
|
| 260 |
|
|
|a Vikas Publishing House: New Delhi
|c 2001
|
| 300 |
|
|
|a 388 p
|
| 490 |
|
|
|
| 500 |
|
|
|
| 590 |
|
|
|
| 650 |
|
|
|a Supply chain management
|
| 942 |
|
|
|c BK
|
| 999 |
|
|
|c 137176
|d 137176
|
| 952 |
|
|
|0 0
|1 0
|4 0
|6 658_000000000000000_562SU_TAY
|7 0
|9 150636
|a IMK
|b IMK
|g 395.00
|l 0
|o 658.562Su TAY
|p IMK04182
|r 2019-10-25
|w 2019-10-25
|y BK
|